<?xml version="1.0" encoding="UTF-8"?>
<record
    xmlns:xsi="http://www.w3.org/2001/XMLSchema-instance"
    xsi:schemaLocation="http://www.loc.gov/MARC21/slim http://www.loc.gov/standards/marcxml/schema/MARC21slim.xsd"
    xmlns="http://www.loc.gov/MARC21/slim">

  <leader>01203nam a22002657a 4500</leader>
  <controlfield tag="005">20170824144915.0</controlfield>
  <datafield tag="010" ind1=" " ind2=" ">
    <subfield code="a">1516EN07  ENG-114933</subfield>
  </datafield>
  <datafield tag="020" ind1=" " ind2=" ">
    <subfield code="a">9780099590378</subfield>
    <subfield code="c">499.00</subfield>
  </datafield>
  <datafield tag="035" ind1=" " ind2=" ">
    <subfield code="a">EN-98465</subfield>
  </datafield>
  <datafield tag="035" ind1=" " ind2=" ">
    <subfield code="a">B-598151-162</subfield>
  </datafield>
  <datafield tag="035" ind1=" " ind2=" ">
    <subfield code="a">B-667777</subfield>
  </datafield>
  <datafield tag="037" ind1=" " ind2=" ">
    <subfield code="a">dpl</subfield>
    <subfield code="b">KKP/Ven</subfield>
  </datafield>
  <datafield tag="037" ind1=" " ind2=" ">
    <subfield code="b">DBAD/PUB</subfield>
  </datafield>
  <datafield tag="082" ind1=" " ind2=" ">
    <subfield code="a">N</subfield>
  </datafield>
  <datafield tag="100" ind1=" " ind2=" ">
    <subfield code="a">Murakami, Haruki</subfield>
  </datafield>
  <datafield tag="245" ind1=" " ind2=" ">
    <subfield code="a">Colorless tsukuru tazaki and his years of pilgrimage /</subfield>
    <subfield code="c">by Haruki Murakami ; translated from the Japanese by Philip Gabriel</subfield>
  </datafield>
  <datafield tag="260" ind1=" " ind2=" ">
    <subfield code="a">London</subfield>
    <subfield code="b">Vintage Books</subfield>
    <subfield code="c">2014</subfield>
  </datafield>
  <datafield tag="270" ind1=" " ind2=" ">
    <subfield code="a">20 Vauxhall Bridge Road</subfield>
    <subfield code="b">London</subfield>
    <subfield code="e">SWIV 2SA</subfield>
  </datafield>
  <datafield tag="300" ind1=" " ind2=" ">
    <subfield code="a">298p.</subfield>
    <subfield code="c">19cm(pbk)</subfield>
  </datafield>
  <datafield tag="520" ind1=" " ind2=" ">
    <subfield code="a">"The new novel--a book that sold more than a million copies the first week it went on sale in Japan--from the internationally acclaimed author, his first since IQ84"--  |c Provided by publisher.</subfield>
  </datafield>
  <datafield tag="700" ind1=" " ind2=" ">
    <subfield code="a">Gabriel, Philip</subfield>
  </datafield>
  <datafield tag="942" ind1=" " ind2=" ">
    <subfield code="2">ddc</subfield>
    <subfield code="c">EN</subfield>
    <subfield code="m">MUR</subfield>
    <subfield code="h">N</subfield>
  </datafield>
  <datafield tag="999" ind1=" " ind2=" ">
    <subfield code="c">96049</subfield>
    <subfield code="d">96049</subfield>
  </datafield>
  <datafield tag="952" ind1=" " ind2=" ">
    <subfield code="0">0</subfield>
    <subfield code="1">0</subfield>
    <subfield code="4">0</subfield>
    <subfield code="7">0</subfield>
    <subfield code="8">FIC</subfield>
    <subfield code="a">BL4</subfield>
    <subfield code="b">BL4</subfield>
    <subfield code="d">2016-02-17</subfield>
    <subfield code="e">DBAD/PUB</subfield>
    <subfield code="g">499.00</subfield>
    <subfield code="l">4</subfield>
    <subfield code="m">4</subfield>
    <subfield code="o">N MUR</subfield>
    <subfield code="p">EN-98465</subfield>
    <subfield code="r">2026-04-16 15:33:30</subfield>
    <subfield code="s">2026-03-24</subfield>
    <subfield code="t">1</subfield>
    <subfield code="v">499.00</subfield>
    <subfield code="y">EN</subfield>
  </datafield>
  <datafield tag="952" ind1=" " ind2=" ">
    <subfield code="0">0</subfield>
    <subfield code="1">0</subfield>
    <subfield code="4">0</subfield>
    <subfield code="7">0</subfield>
    <subfield code="8">NFIC</subfield>
    <subfield code="a">NPL</subfield>
    <subfield code="b">NPL</subfield>
    <subfield code="d">2016-05-17</subfield>
    <subfield code="e">BL64/25.9.2015/122/16.9.2015/30.9.2015</subfield>
    <subfield code="g">499.00</subfield>
    <subfield code="l">0</subfield>
    <subfield code="o">N MUR</subfield>
    <subfield code="p">B-598151</subfield>
    <subfield code="r">2016-05-17 00:00:00</subfield>
    <subfield code="t">1</subfield>
    <subfield code="v">499.00</subfield>
    <subfield code="y">EN</subfield>
  </datafield>
  <datafield tag="952" ind1=" " ind2=" ">
    <subfield code="0">0</subfield>
    <subfield code="1">0</subfield>
    <subfield code="4">0</subfield>
    <subfield code="7">0</subfield>
    <subfield code="8">NFIC</subfield>
    <subfield code="a">BL1</subfield>
    <subfield code="b">BL1</subfield>
    <subfield code="d">2016-05-17</subfield>
    <subfield code="e">BL64/25.9.2015/122/16.9.2015/30.9.2015</subfield>
    <subfield code="g">499.00</subfield>
    <subfield code="l">20</subfield>
    <subfield code="m">10</subfield>
    <subfield code="o">N MUR</subfield>
    <subfield code="p">B-598152</subfield>
    <subfield code="r">2025-08-08 00:00:00</subfield>
    <subfield code="s">2025-07-30</subfield>
    <subfield code="t">1</subfield>
    <subfield code="v">499.00</subfield>
    <subfield code="y">EN</subfield>
  </datafield>
  <datafield tag="952" ind1=" " ind2=" ">
    <subfield code="0">0</subfield>
    <subfield code="1">0</subfield>
    <subfield code="4">0</subfield>
    <subfield code="7">0</subfield>
    <subfield code="8">NFIC</subfield>
    <subfield code="a">KGM</subfield>
    <subfield code="b">KGM</subfield>
    <subfield code="d">2016-05-17</subfield>
    <subfield code="e">BL64/25.9.2015/122/16.9.2015/30.9.2015</subfield>
    <subfield code="g">499.00</subfield>
    <subfield code="l">8</subfield>
    <subfield code="m">6</subfield>
    <subfield code="o">N MUR</subfield>
    <subfield code="p">B-598153</subfield>
    <subfield code="r">2026-01-19 00:00:00</subfield>
    <subfield code="s">2025-12-11</subfield>
    <subfield code="t">1</subfield>
    <subfield code="v">499.00</subfield>
    <subfield code="y">EN</subfield>
  </datafield>
  <datafield tag="952" ind1=" " ind2=" ">
    <subfield code="0">0</subfield>
    <subfield code="1">0</subfield>
    <subfield code="4">0</subfield>
    <subfield code="7">0</subfield>
    <subfield code="8">NFIC</subfield>
    <subfield code="a">PR</subfield>
    <subfield code="b">PR</subfield>
    <subfield code="d">2016-05-17</subfield>
    <subfield code="e">BL64/25.9.2015/122/16.9.2015/30.9.2015</subfield>
    <subfield code="g">499.00</subfield>
    <subfield code="l">4</subfield>
    <subfield code="o">N MUR</subfield>
    <subfield code="p">B-598154</subfield>
    <subfield code="r">2024-02-16 00:00:00</subfield>
    <subfield code="s">2024-01-31</subfield>
    <subfield code="t">1</subfield>
    <subfield code="v">499.00</subfield>
    <subfield code="y">EN</subfield>
  </datafield>
  <datafield tag="952" ind1=" " ind2=" ">
    <subfield code="0">0</subfield>
    <subfield code="1">0</subfield>
    <subfield code="4">0</subfield>
    <subfield code="7">0</subfield>
    <subfield code="8">NFIC</subfield>
    <subfield code="a">TN</subfield>
    <subfield code="b">TN</subfield>
    <subfield code="d">2016-05-17</subfield>
    <subfield code="e">BL64/25.9.2015/122/16.9.2015/30.9.2015</subfield>
    <subfield code="g">499.00</subfield>
    <subfield code="l">3</subfield>
    <subfield code="o">N MUR</subfield>
    <subfield code="p">B-598155</subfield>
    <subfield code="r">2019-07-31 00:00:00</subfield>
    <subfield code="s">2019-07-15</subfield>
    <subfield code="t">1</subfield>
    <subfield code="v">499.00</subfield>
    <subfield code="y">EN</subfield>
  </datafield>
  <datafield tag="952" ind1=" " ind2=" ">
    <subfield code="0">0</subfield>
    <subfield code="1">0</subfield>
    <subfield code="4">0</subfield>
    <subfield code="7">0</subfield>
    <subfield code="8">NFIC</subfield>
    <subfield code="a">JP</subfield>
    <subfield code="b">JP</subfield>
    <subfield code="d">2016-05-17</subfield>
    <subfield code="e">BL64/25.9.2015/122/16.9.2015/30.9.2015</subfield>
    <subfield code="g">499.00</subfield>
    <subfield code="l">16</subfield>
    <subfield code="m">6</subfield>
    <subfield code="o">N MUR</subfield>
    <subfield code="p">B-598156</subfield>
    <subfield code="r">2023-09-13 00:00:00</subfield>
    <subfield code="s">2023-09-06</subfield>
    <subfield code="t">1</subfield>
    <subfield code="v">499.00</subfield>
    <subfield code="y">EN</subfield>
  </datafield>
  <datafield tag="952" ind1=" " ind2=" ">
    <subfield code="0">0</subfield>
    <subfield code="1">0</subfield>
    <subfield code="4">0</subfield>
    <subfield code="7">0</subfield>
    <subfield code="8">NFIC</subfield>
    <subfield code="a">ZLS</subfield>
    <subfield code="b">ZLS</subfield>
    <subfield code="d">2016-05-17</subfield>
    <subfield code="e">BL64/25.9.2015/122/16.9.2015/30.9.2015</subfield>
    <subfield code="g">499.00</subfield>
    <subfield code="l">31</subfield>
    <subfield code="m">21</subfield>
    <subfield code="o">N MUR</subfield>
    <subfield code="p">B-598157</subfield>
    <subfield code="r">2026-03-02 00:00:00</subfield>
    <subfield code="s">2026-02-14</subfield>
    <subfield code="t">1</subfield>
    <subfield code="v">499.00</subfield>
    <subfield code="y">EN</subfield>
  </datafield>
  <datafield tag="952" ind1=" " ind2=" ">
    <subfield code="0">0</subfield>
    <subfield code="1">0</subfield>
    <subfield code="4">0</subfield>
    <subfield code="7">0</subfield>
    <subfield code="8">NFIC</subfield>
    <subfield code="a">BN</subfield>
    <subfield code="b">BN</subfield>
    <subfield code="d">2016-05-17</subfield>
    <subfield code="e">BL64/25.9.2015/122/16.9.2015/30.9.2015</subfield>
    <subfield code="g">499.00</subfield>
    <subfield code="l">6</subfield>
    <subfield code="m">2</subfield>
    <subfield code="o">N MUR</subfield>
    <subfield code="p">B-598158</subfield>
    <subfield code="r">2023-07-06 00:00:00</subfield>
    <subfield code="s">2023-06-30</subfield>
    <subfield code="t">1</subfield>
    <subfield code="v">499.00</subfield>
    <subfield code="y">EN</subfield>
  </datafield>
  <datafield tag="952" ind1=" " ind2=" ">
    <subfield code="0">0</subfield>
    <subfield code="1">0</subfield>
    <subfield code="4">0</subfield>
    <subfield code="7">0</subfield>
    <subfield code="8">NFIC</subfield>
    <subfield code="a">NR</subfield>
    <subfield code="b">NR</subfield>
    <subfield code="d">2016-05-17</subfield>
    <subfield code="e">BL64/25.9.2015/122/16.9.2015/30.9.2015</subfield>
    <subfield code="g">499.00</subfield>
    <subfield code="l">0</subfield>
    <subfield code="o">N MUR</subfield>
    <subfield code="p">B-598159</subfield>
    <subfield code="r">2016-05-17 00:00:00</subfield>
    <subfield code="t">1</subfield>
    <subfield code="v">499.00</subfield>
    <subfield code="y">EN</subfield>
  </datafield>
  <datafield tag="952" ind1=" " ind2=" ">
    <subfield code="0">0</subfield>
    <subfield code="1">0</subfield>
    <subfield code="4">0</subfield>
    <subfield code="7">0</subfield>
    <subfield code="8">NFIC</subfield>
    <subfield code="a">BN</subfield>
    <subfield code="b">BN</subfield>
    <subfield code="d">2016-05-17</subfield>
    <subfield code="e">BL64/25.9.2015/122/16.9.2015/30.9.2015</subfield>
    <subfield code="g">499.00</subfield>
    <subfield code="l">6</subfield>
    <subfield code="m">2</subfield>
    <subfield code="o">N MUR</subfield>
    <subfield code="p">B-598160</subfield>
    <subfield code="r">2022-02-08 00:00:00</subfield>
    <subfield code="s">2022-01-25</subfield>
    <subfield code="t">1</subfield>
    <subfield code="v">499.00</subfield>
    <subfield code="y">EN</subfield>
  </datafield>
  <datafield tag="952" ind1=" " ind2=" ">
    <subfield code="0">0</subfield>
    <subfield code="1">0</subfield>
    <subfield code="4">0</subfield>
    <subfield code="7">0</subfield>
    <subfield code="8">NFIC</subfield>
    <subfield code="a">BL4</subfield>
    <subfield code="b">BL4</subfield>
    <subfield code="d">2016-05-17</subfield>
    <subfield code="e">BL64/25.9.2015/122/16.9.2015/30.9.2015</subfield>
    <subfield code="g">499.00</subfield>
    <subfield code="l">21</subfield>
    <subfield code="m">21</subfield>
    <subfield code="o">N MUR</subfield>
    <subfield code="p">B-598161</subfield>
    <subfield code="r">2024-08-20 00:00:00</subfield>
    <subfield code="s">2024-08-05</subfield>
    <subfield code="t">1</subfield>
    <subfield code="v">499.00</subfield>
    <subfield code="y">EN</subfield>
  </datafield>
  <datafield tag="952" ind1=" " ind2=" ">
    <subfield code="0">0</subfield>
    <subfield code="1">0</subfield>
    <subfield code="4">0</subfield>
    <subfield code="7">0</subfield>
    <subfield code="8">NFIC</subfield>
    <subfield code="a">YV</subfield>
    <subfield code="b">YV</subfield>
    <subfield code="d">2016-05-17</subfield>
    <subfield code="e">BL64/25.9.2015/122/16.9.2015/30.9.2015</subfield>
    <subfield code="g">499.00</subfield>
    <subfield code="l">16</subfield>
    <subfield code="m">22</subfield>
    <subfield code="o">N MUR</subfield>
    <subfield code="p">B-598162</subfield>
    <subfield code="r">2025-05-21 00:00:00</subfield>
    <subfield code="s">2025-05-07</subfield>
    <subfield code="t">1</subfield>
    <subfield code="v">499.00</subfield>
    <subfield code="y">EN</subfield>
  </datafield>
  <datafield tag="952" ind1=" " ind2=" ">
    <subfield code="0">0</subfield>
    <subfield code="1">0</subfield>
    <subfield code="4">0</subfield>
    <subfield code="7">0</subfield>
    <subfield code="8">FIC</subfield>
    <subfield code="a">AV</subfield>
    <subfield code="b">AV</subfield>
    <subfield code="d">2017-08-24</subfield>
    <subfield code="e">KKP/279/24.2.2017/394/15.2.2017/17.3.2017</subfield>
    <subfield code="g">499.00</subfield>
    <subfield code="l">18</subfield>
    <subfield code="m">4</subfield>
    <subfield code="o">N MUR</subfield>
    <subfield code="p">B-667777</subfield>
    <subfield code="r">2025-05-15 00:00:00</subfield>
    <subfield code="s">2025-04-25</subfield>
    <subfield code="t">1</subfield>
    <subfield code="v">499.00</subfield>
    <subfield code="w">2017-08-24</subfield>
    <subfield code="y">EN</subfield>
  </datafield>
</record>
